000
00271nam a22001217a 4500
008
180806b xxu||||| |||| 00| 0 eng d
082
_a
813.52
245
_a
Transfusion Alternatives
_c
NTSC
260
_c
2004
300
_a
1
_f
CD
440
_x
00100144
942
_2
ddc
_c
MX
999
_c
46799
_d
46799